000 00312nam a2200133 i 4500
001 bg
245 0 _aPodstawy elektroniki :
_blaboratorium /
_cpod red. W. Kality.
250 _aWyd.2.
260 _aRzeszów 1983.
040 _cBPK
041 _apol
942 _cKS
008 s pl f |000 0 pol
999 _c22046
_d22046
856 _uhttp://koha.tu.koszalin.pl/cgi-bin/koha/opac-detail.pl?biblionumber=22046
_yKatalog online BPK